000 00651nam a2200253Ia 4500
003 OSt
005 20221006143941.0
006 a|||||r|||| 00| 0
007 ta
008 221006b |||||||| |||| 00| 0 eng d
020 _c41.00
024 _a10,468
037 _cTextual
040 _aEASL
_cEASL
_beng
041 _2eng
_aeng
082 _aW:19(zP).N49, K7
100 _aHART B H Liddell
245 0 _aStrategy
_b The indirect approach
260 _aLondon
_bFaber and Faber
_c1967
300 _a430p.
_ccm.
490 _v Oth
942 _hW:19(zP).N49, K7
_cTEXL
_2CC
999 _c1078554
_d1078554